书目信息 |
| 题名: |
服饰新视界
|
|
| 作者: | 张贤根 , 熊兆飞 主编 | |
| 分册: | ||
| 出版信息: | 武汉 湖北人民出版社 2009.01 |
|
| 页数: | 435页 | |
| 开本: | 24cm | |
| 丛书名: | ||
| 单 册: | ||
| 中图分类: | TS941.12-53 | |
| 科图分类: | ||
| 主题词: | 服饰--fu shi--文化--文集 | |
| 电子资源: | ||
| ISBN: | 978-7-216-05950-3 | |
| 000 | 00967nam0 2200253 450 | |
| 001 | 012009158250 | |
| 005 | 20100410123129.95 | |
| 010 | @a978-7-216-05950-3@dCNY45.00 | |
| 100 | @a20100408d2009 em y0chiy0120 ea | |
| 101 | 0 | @achi |
| 102 | @aCN@b420000 | |
| 105 | @aa z 000yy | |
| 106 | @ar | |
| 200 | 1 | @a服饰新视界@Afu shi xin shi jie@e武汉科技学院服装学院论坛(2008)@f张贤根, 熊兆飞主编@Fzhang xian gen,xiong zhao fei zhu bian |
| 210 | @a武汉@c湖北人民出版社@d2009.01 | |
| 215 | @a435页@c图@d24cm | |
| 330 | @a本书是以服装理论为主要特征的艺术、科技与文化研究。论文集分为设计探析、流派名家、技术视角、数字化研究等11个部分。 | |
| 517 | 1 | @a武汉科技学院服装学院论坛(2008)@Awu han ke ji xue yuan fu zhuang xue yuan lun tan(2008) |
| 606 | 0 | @a服饰@Afu shi@x文化@j文集 |
| 690 | @aTS941.12-53@v4 | |
| 701 | 0 | @a张贤根@Azhang xian gen@4主编 |
| 701 | 0 | @a熊兆飞@Axiong zhao fei@4主编 |
| 801 | 0 | @aCN@bQSSK@c20100410 |
| 905 | @b775810-11@dTS941.12-53@eZ211@f2 | |
| 服饰新视界:武汉科技学院服装学院论坛(2008)/张贤根, 熊兆飞主编.-武汉:湖北人民出版社,2009.01 |
| 435页:图;24cm |
| ISBN 978-7-216-05950-3:CNY45.00 |
| 本书是以服装理论为主要特征的艺术、科技与文化研究。论文集分为设计探析、流派名家、技术视角、数字化研究等11个部分。 |
| ● |
| 相关链接 |
|
|
|
正题名:服饰新视界
索取号:TS941.12-53/Z211
 
预约/预借
| 序号 | 登录号 | 条形码 | 馆藏地/架位号 | 状态 | 备注 |
| 1 | 775810 | 207758103 | 自科库501/501自科库 73排1列4层/ [索取号:TS941.12-53/Z211] | 在馆 | |
| 2 | 775811 | 207758112 | 自科库501/501自科库 73排1列4层/ [索取号:TS941.12-53/Z211] | 在馆 |